Unemployment and partial employment of hired farm workers in cotton areas; (Record no. 36895)

MARC details
000 -LEADER
fixed length control field 01208cam a22002771 4500
001 - CONTROL NUMBER
control field l 55000254
003 - CONTROL NUMBER IDENTIFIER
control field DLC
005 - DATE AND TIME OF LATEST TRANSACTION
control field 20260227111544.0
008 - FIXED-LENGTH DATA ELEMENTS--GENERAL INFORMATION
fixed length control field 790731s1955 dcua 000 0 eng c
010 ## - LIBRARY OF CONGRESS CONTROL NUMBER
LC control number l 55000254
035 ## - SYSTEM CONTROL NUMBER
System control number (OCoLC)5226014
040 ## - CATALOGING SOURCE
Original cataloging agency U. S. Dept. of Labor. Library
Transcribing agency ArU
Modifying agency OCoLC
-- DLC
042 ## - AUTHENTICATION CODE
Authentication code premarc
050 00 - LIBRARY OF CONGRESS CALL NUMBER
Classification number HD1525
Item number .A5 1955
086 0# - GOVERNMENT DOCUMENT CLASSIFICATION NUMBER
Classification number A 77.2:Un 2/2
110 1# - MAIN ENTRY--CORPORATE NAME
Corporate name or jurisdiction name as entry element United States.
Subordinate unit Agricultural Research Service.
-- Production Economics Research Branch.
245 10 - TITLE STATEMENT
Title Unemployment and partial employment of hired farm workers in cotton areas;
Remainder of title comparison of selected areas in Arkansas, Georgia, Louisiana, and New Mexico, and detailed analysis of Cordele, Georgia, area
Statement of responsibility, etc. [by William H. Metzler, labor economist.
260 ## - PUBLICATION, DISTRIBUTION, ETC.
Place of publication, distribution, etc. Washington]
Name of publisher, distributor, etc. U.S. Dept. of Agriculture, Agricultural Research Service,
Date of publication, distribution, etc. 1955.
300 ## - PHYSICAL DESCRIPTION
Extent iv, 40 p.
Other physical details illus.
Dimensions 26 cm.
650 #0 - SUBJECT ADDED ENTRY--TOPICAL TERM
Topical term or geographic name entry element Agricultural laborers
Geographic subdivision Southern States.
650 #0 - SUBJECT ADDED ENTRY--TOPICAL TERM
Topical term or geographic name entry element Unemployed
Geographic subdivision Southern States.
650 #0 - SUBJECT ADDED ENTRY--TOPICAL TERM
Topical term or geographic name entry element Agricultural laborers
Geographic subdivision Georgia
-- Cordele.
650 #0 - SUBJECT ADDED ENTRY--TOPICAL TERM
Topical term or geographic name entry element Unemployed
Geographic subdivision Georgia
-- Cordele.
700 1# - ADDED ENTRY--PERSONAL NAME
Personal name Metzler, William H.,
Dates associated with a name 1897-
740 0# - ADDED ENTRY--UNCONTROLLED RELATED/ANALYTICAL TITLE
Uncontrolled related/analytical title Partial employment of hired farm workers in cotton areas.

No items available.

Powered by Koha